[Event "ICS Rated blitz match"]
[Site "207.99.83.227"]
[Date "1999.05.04"]
[Round "?"]
[White "JudgeTurpin"]
[Black "Hossa"]
[Result "1-0"]
[WhiteElo "2609"]
[BlackElo "2499"]
[Annotator "Crafty v16.6"]
[PlyCount "90"]

{annotating for player ossa using a scoring margin of +0.20 pawns. search time
limit is 20.00} 1. Nf3 1... d5 2. g3 Nf6 3. Bg2 c6 4. O-O e6 5. d4 Bd6 6. Bg5
Nbd7 7. c4 O-O 8. Nbd2 Qa5 ({9:-0.63} 8... Qa5 9. c5 Be7 10. Qb3 Qd8 11. Qe3
Ng4 12. Qf4 12... Ndf6 $14) ({9:-0.14} 8... h6 9. Bxf6 Qxf6 10. Qb3 dxc4 11.
Nxc4 Be7 12. Qd3 Rd8 13. Nfe5 Nxe5 14. Nxe5 $10) 9. c5 Bb8 10. Nb3 Qa4 11. Qd2
Ne4 12. Qa5 Qxa5 13. Nxa5 e5 14. b4 Nxg5 ({9:+0.54} 14... Nxg5 15. Nxg5 exd4
16. Nf3 Be5 17. Nxe5 Nxe5 18. Rfd1 b6 19. Nb3 bxc5 20. Nxc5 $15) ({9:+0.78} 
14... Bc7 15. Nb3 a5 16. a3 Nxg5 17. Nxg5 a4 18. Nd2 exd4 19. Rad1 $17) 15.
Nxg5 exd4 16. Nf3 d3 17. exd3 Ne5 18. d4 Nxf3+ 19. Bxf3 Bc7 20. Rfe1 Bxa5 ({
10:+0.03} 20... Bxa5 21. bxa5 Be6 22. Re5 Rae8 23. Rae1 Re7 24. Kg2 Rfe8 25.
Bh5 25... Kf8 $10) ({10:+0.27} 20... Bd8 21. Rad1 Rb8 22. Rd2 Bf6 23. b5 Bd7
24. Bg2 Rfe8 25. Rxe8+ Bxe8 26. Kf1 $10) 21. bxa5 h6 ({11:-0.60} 21... h6 22.
Re7 Rd8 23. Rae1 Kf8 24. Bh5 g6 25. Bf3 Rd7 26. Re8+ Kg7 27. R1e5 27... Kf6 $14
) ({11:-0.27} 21... Be6 22. Rab1 Rab8 23. Re5 Rfe8 24. Rbe1 Kf8 25. Kg2 Bf5 26.
R1e3 Rxe5 27. Rxe5 $10) 22. Re7 f5 ({11:-0.90} 22... f5 23. Rae1 f4 24. Bh5 Rb8
25. Kg2 fxg3 26. hxg3 Bf5 27. R1e5 g6 28. Bf3 $16) ({11:-0.56} 22... Rd8 23.
Rb1 Kf8 24. Rc7 a6 25. Rb3 Re8 26. Re3 Rb8 27. Rxe8+ Kxe8 28. Bh5 28... Be6 $14
) 23. a6 Rb8 24. Bh5 bxa6 25. Rc7 Rb4 26. Re1 Rd8 27. Ree7 g5 28. Rg7+ Kh8 29.
Rg6 Bd7 30. Rxh6+ Kg8 31. Rd6 Rxd4 32. Rdxd7 Rxd7 33. Rxd7 Rc4 34. Bg6 Rxc5 35.
Bxf5 Ra5 36. Be6+ Kh8 37. Rd6 Rxa2 38. Rxc6 Ra5 39. Rd6 d4 40. Kg2 Re5 41. Bc4
Rc5 42. Bxa6 Rf5 43. Rxd4 Rf6 44. Bd3 Kg7 45. Rd5 Kh6 1-0

[Event "ICS Rated blitz match"]
[Site "207.99.83.227"]
[Date "1999.05.04"]
[Round "?"]
[White "Hossa"]
[Black "JudgeTurpin"]
[Result "1-0"]
[WhiteElo "2488"]
[BlackElo "2620"]
[PlyCount "141"]

1. e4 e5 2. f4 exf4 3. Nf3 d5 4. exd5 Nf6 5. c4 c6 6. dxc6 Nxc6 7. d4 Bb4+ 8.
Nc3 Ne4 9. Bd2 Bxc3 10. bxc3 Qf6 11. Bd3 Nxd2 12. Qxd2 Qe6+ 13. Kf2 Ne7 14.
Qxf4 Qg4 15. Qc7 Qd7 16. Qxd7+ Bxd7 17. Rhe1 f6 18. Kg1 Kf7 19. Rab1 Rab8 20.
Rb2 h5 21. Ng5+ fxg5 22. Rf2+ Ke8 23. Rfe2 Kd8 24. Rxe7 Re8 25. Rxe8+ Bxe8 26.
Re5 g4 27. Rg5 g6 28. Bxg6 Bxg6 29. Rxg6 Kd7 30. Rg7+ Ke6 31. Rh7 Rc8 32. c5 b6
33. Rh6+ Kd5 34. Rxh5+ Kc4 35. Rg5 Kxc3 36. cxb6 axb6 37. Rxg4 Ra8 38. a3 Kc4
39. a4 Kd5 40. Rg5+ Kxd4 41. Kf2 Re8 42. Rg4+ Kd5 43. g3 Rc8 44. h3 Rc2+ 45.
Ke3 Rc3+ 46. Ke2 Ke5 47. Kd2 Ra3 48. Kc2 Kf5 49. Kb2 Rd3 50. Rg7 Ke5 51. Rg5+
Ke6 52. h4 Kf6 53. g4 Rd4 54. Kb3 Rf4 55. Rf5+ Rxf5 56. gxf5 Kxf5 57. Kc4 Ke5
58. Kb5 Ke4 59. Kxb6 Ke5 60. a5 Kf5 61. a6 Kg4 62. a7 Kxh4 63. Kc6 Kg4 64. Kd5
Kf3 65. a8=Q Ke3 66. Qf8 Kd3 67. Qf3+ Kd2 68. Kc4 Kc2 69. Qf2+ Kd1 70. Kd3 Kc1
71. Qc2# {JudgeTurpin checkmated} 1-0

[Event "ICS Rated blitz match"]
[Site "207.99.83.227"]
[Date "1999.05.04"]
[Round "?"]
[White "JudgeTurpin"]
[Black "Hossa"]
[Result "1-0"]
[WhiteElo "2598"]
[BlackElo "2510"]
[Annotator "Crafty v16.6"]
[PlyCount "112"]

{annotating for player ossa using a scoring margin of +0.20 pawns. search time
limit is 20.00} 1. d4 1... Nf6 2. c4 c5 3. d5 d6 4. Nc3 g6 5. e4 Bg7 6. Nf3 O-O
7. Be2 e5 8. O-O Bg4 9. Bg5 Nbd7 10. h3 Bxf3 11. Bxf3 Qe7 12. Bh4 Rae8 13. Qd3
Kh8 14. Bg4 Rg8 15. b3 Qf8 16. Qf3 a6 17. Ne2 b5 18. cxb5 axb5 19. a4 b4 ({
10:-0.88} 19... b4 20. Bxd7 Nxd7 21. a5 Ra8 22. Qd3 Ra7 23. Bg5 Qa8 24. a6
24... Qe8 $16) ({10:-0.20} 19... Nxg4 20. Qxg4 f5 21. Qf3 bxa4 22. Rxa4 fxe4
23. Qxe4 Qf5 24. Qxf5 gxf5 25. Ra7 25... Nf6 $10) 20. a5 Ra8 21. a6 Nxe4 ({
10:-1.93} 21... Nxe4 22. Bxd7 Nd2 23. Qd3 Nxf1 24. Rxf1 Ra7 25. Bc6 e4 26. Qc4
$18) ({10:-0.36} 21... Nxg4 22. hxg4 Ra7 23. Ra5 Qe8 24. Bg5 f6 25. Bh4 Qe7 26.
Raa1 26... Rga8 $14) 22. Bxd7 Nd2 23. Qe3 Nxf1 24. Kxf1 Ra7 25. Bc6 Qc8 26. Bb5
Qb8 27. Bc4 Qe8 28. Re1 f6 29. Qf3 Rf8 30. Qd3 e4 31. Qc2 Qe5 32. Bg3 Qe7 33.
Nf4 f5 34. Ne6 Rf7 35. Bb5 Bc3 36. Rd1 Bf6 37. Qc1 g5 38. Bh2 f4 39. h4 f3 40.
gxf3 gxh4 41. fxe4 Bc3 42. Qg5 Bf6 43. Qh6 Bc3 44. Bf4 Rf6 45. Qg5 Bb2 46. Rd3
h6 47. Qh5 Kh7 48. Rh3 Rxf4 49. Nxf4 Bg7 50. Ne6 Bf6 51. Be8 Rxa6 52. Qg6+ Kh8
53. Bf7 Qxf7 54. Qxf7 Ra1+ 55. Kg2 Ra7 56. Qxf6+ Kg8 1-0

[Event "ICS Rated blitz match"]
[Site "207.99.83.227"]
[Date "1999.05.04"]
[Round "?"]
[White "Hossa"]
[Black "JudgeTurpin"]
[Result "1-0"]
[WhiteElo "2498"]
[BlackElo "2610"]
[PlyCount "125"]

1. e4 e5 2. f4 exf4 3. Nf3 g5 4. h4 g4 5. Ne5 Nf6 6. Bc4 d5 7. exd5 Bd6 8. Bb5+
Bd7 9. Nxd7 Nbxd7 10. O-O f3 11. gxf3 a6 12. Re1+ Be7 13. Ba4 gxf3 14. Qxf3 b5
15. Bb3 Rg8+ 16. Kf1 Rg4 17. d3 Rxh4 18. Bg5 Ng4 19. Bxe7 Nh2+ 20. Kf2 Nxf3 21.
Bxd8+ Kxd8 22. Kxf3 f5 23. Re6 Rh1 24. d6 c6 25. Re7 Ra7 26. d4 Rh3+ 27. Kf2
Rh6 28. Be6 Rg6 29. Nd2 Rh6 30. Rd1 Rh2+ 31. Ke3 Rh3+ 32. Nf3 Rh6 33. Ng5 Rf6
34. Rxh7 Kc8 35. Rh8+ Kb7 36. Bxd7 f4+ 37. Kf3 Rxd6 38. Bf5 Ra8 39. Rxa8 Kxa8
40. Ne6 Rd7 41. Kxf4 Ka7 42. Nc5 Rg7 43. b4 Kb6 44. Nd7+ Kc7 45. Ne5 Rg2 46.
Be4 Rh2 47. Rh1 Rxh1 48. Bxh1 c5 49. bxc5 Kd8 50. c4 bxc4 51. Nxc4 Kc8 52. Na5
Kd7 53. Bb7 Ke6 54. d5+ Kf6 55. Bxa6 Ke7 56. d6+ Kf6 57. d7 Ke7 58. c6 Ke6 59.
d8=Q Kf7 60. Bd3 Kg7 61. Qe7+ Kg8 62. c7 Kh8 63. c8=Q# {JudgeTurpin checkmated}
1-0

[Event "ICS Rated blitz match"]
[Site "207.99.83.227"]
[Date "1999.05.04"]
[Round "?"]
[White "JudgeTurpin"]
[Black "Hossa"]
[Result "0-1"]
[WhiteElo "2589"]
[BlackElo "2519"]
[PlyCount "186"]

1. d4 d5 2. Bf4 Na6 3. e4 dxe4 4. c3 Nf6 5. Qc2 Bf5 6. Bxa6 bxa6 7. Nd2 Qd5 8.
Qa4+ Bd7 9. Qb3 e3 10. Ndf3 exf2+ 11. Kxf2 O-O-O 12. Qxd5 Nxd5 13. Bd2 Nf6 14.
Ng5 Be8 15. Ke1 h6 16. N5f3 Ne4 17. h4 e6 18. Bf4 Bb5 19. a4 Bc6 20. Ne5 Be8
21. Ngf3 f6 22. Nc4 Bc6 23. Ke2 Bd5 24. Ne3 Bb3 25. a5 Be7 26. c4 g5 27. Bh2
gxh4 28. Rhe1 Bb4 29. Rec1 Rhg8 30. Rg1 Ng5 31. Rgf1 Nxf3 32. Rxf3 Rxd4 33.
Rxf6 Bxc4+ 34. Kf3 Rd3 35. Ke4 Rxe3+ 36. Kxe3 Bc5+ 37. Ke4 Rxg2 38. Bf4 Re2+
39. Kf3 Rxb2 40. Be5 Rb3+ 41. Kg2 Re3 42. Bf4 Bd5+ 43. Kh2 Rf3 44. Ra4 Bd6 45.
Bxd6 Rxf6 46. Bc5 Rf1 47. Rxh4 Kb7 48. Kg3 Ra1 49. Bb4 Rh1 50. Rxh1 Bxh1 51.
Kg4 Kc6 52. Bd2 Kb5 53. Kh5 c5 54. Kxh6 e5 55. Kg5 Kc4 56. Bc1 Bf3 57. Kf5 e4
58. Be3 Kb5 59. Ke5 Kb4 60. Bf2 c4 61. Be1+ c3 62. Kd4 Kxa5 63. Kxc3 Kb6 64.
Bf2+ Kb7 65. Kc4 Bd1 66. Kd4 Bc2 67. Be1 Kc6 68. Bb4 Kb5 69. Bc5 a5 70. Bxa7
Kb4 71. Bc5+ Kb3 72. Ke3 a4 73. Bd4 a3 74. Kd2 Bd3 75. Be5 Ka2 76. Kc1 e3 77.
Bf4 e2 78. Bg3 Kb3 79. Kd2 Bc4 80. Be5 Ka2 81. Bd6 Kb2 82. Be5+ Kb1 83. Bg3 a2
84. Ke3 a1=Q 85. Be1 Kc2 86. Kf2 Qxe1+ 87. Kxe1 Bd3 88. Kf2 Kd2 89. Kf3 e1=Q
90. Kg4 Qe3 91. Kh4 Bf5 92. Kh5 Qg3 93. Kh6 93... Qg6# {JudgeTurpin checkmated}
0-1

[Event "ICS Rated blitz match"]
[Site "207.99.83.227"]
[Date "1999.05.04"]
[Round "?"]
[White "Hossa"]
[Black "JudgeTurpin"]
[Result "0-1"]
[WhiteElo "2538"]
[BlackElo "2570"]
[Annotator "Crafty v16.6"]
[PlyCount "133"]

{annotating for player ossa using a scoring margin of +0.20 pawns. search time
limit is 20.00} 1. e4 1... c5 2. Nf3 e6 3. d4 cxd4 4. Nxd4 Nf6 5. Nc3 ({8:-0.17
} 5. Nc3 5... Bb4 6. Bd3 Bxc3+ 7. bxc3 e5 8. Nf5 O-O 9. O-O 9... Nc6 $10) ({
8:+0.04} 5. Nd2 5... Bc5 6. N4b3 Bb6 7. Bc4 O-O 8. O-O 8... Nc6 $10) 5... d6 6.
Bd3 Nc6 7. Bb5 Bd7 8. O-O Nxd4 9. Qxd4 Be7 10. Bxd7+ Qxd7 11. Bg5 h6 12. Bh4
Rc8 13. Rad1 b5 14. a4 a6 15. axb5 axb5 16. e5 Rc4 17. Qb6 Rxh4 18. exf6 gxf6
19. Nxb5 d5 20. Qb8+ ({9:+0.46} 20. Qb8+ 20... Qd8 21. Qxd8+ Kxd8 22. Ra1 Re8
23. Ra7 Rb4 24. Nc7 Bc5 25. Nxe8 25... Bxa7 $14) ({9:+0.73} 20. Ra1 20... O-O
21. Ra7 Qd8 22. Qxd8 Bxd8 23. Nd6 Kg7 24. Rd1 24... Rf4 $16) 20... Qd8 21.
Qxd8+ Bxd8 22. Rd4 Rxd4 23. Nxd4 Bb6 24. Ra1 Kd7 25. Nb3 Rc8 26. Rc1 e5 27. h4
Ke6 28. g3 Ra8 29. Rd1 h5 30. Kf1 d4 31. Ke2 Rc8 32. Kd3 f5 33. Rc1 e4+ 34. Kd2
Ra8 35. Ra1 Rxa1 36. Nxa1 d3 37. f4 dxc2 38. Nxc2 Bf2 39. Ne3 Bxg3 40. Ng2 Kd6
41. Kc2 Kd5 42. Kc3 Bf2 43. b4 Bb6 44. Ne1 Bd4+ 45. Kd2 Kc4 46. Nc2 Bg1 47. Ke2
Kc3 48. Ne1 Kxb4 49. Kf1 Bh2 50. Ng2 Kc4 51. Ke2 Kd4 52. Kd2 e3+ 53. Ke2 Bg1
54. Ne1 Bf2 55. Nc2+ Ke4 56. Na3 Bxh4 57. Nc4 Bf2 58. Nb2 h4 59. Nd3 h3 60.
Nc5+ Kd4 61. Nb3+ Kc3 62. Nc1 h2 63. Na2+ Kc4 64. Nc1 h1=Q 65. Nd3 Qh5+ 66. Kf1
Kxd3 67. Kg2 0-1

[Event "ICS Rated blitz match"]
[Site "207.99.83.227"]
[Date "1999.05.04"]
[Round "?"]
[White "JudgeTurpin"]
[Black "Hossa"]
[Result "1-0"]
[WhiteElo "2585"]
[BlackElo "2523"]
[Annotator "Crafty v16.6"]
[PlyCount "54"]

{annotating for player ossa using a scoring margin of +0.20 pawns. search time
limit is 20.00} 1. e4 1... e5 2. Nf3 Nf6 3. d4 Nxe4 4. Bd3 d5 5. Nxe5 Nd7 6.
Nxd7 Bxd7 7. O-O Qf6 8. Be3 O-O-O 9. Nc3 Nxc3 10. bxc3 Re8 11. Qh5 c6 ({9:-0.45
} 11... c6 12. Rae1 Be7 13. c4 dxc4 14. Bxc4 Bf5 15. c3 Rhf8 16. Qf3 $14) ({
9:-0.16} 11... Bc6 12. Bg5 Qe6 13. Bd2 Qf6 14. Rae1 Be7 15. Qe5 Qxe5 16. Rxe5
$10) 12. Bg5 Qe6 13. Bf4 Ba3 14. Rab1 Re7 ({10:-2.27} 14... Re7 15. Ba6 Qe4 16.
Bxb7+ Kd8 17. Bg3 g6 18. Qh6 Qxc2 19. Bh4 Qxc3 20. Bxe7+ 20... Kxe7 $18) ({
10:-0.28} 14... Qg4 15. Qxg4 Bxg4 16. Rb3 Be7 17. Rfb1 g5 18. Bg3 b5 19. Be5
19... f6 $10) 15. c4 f5 16. c5 Qg6 ({9:-2.68} 16... Qg6 17. Qxg6 hxg6 18. Rb3
Bxc5 19. dxc5 Rhe8 20. Bd6 Re6 21. Rd1 $18) ({9:-1.29} 16... g6 17. Qf3 Qf6 18.
Rb3 Qxd4 19. Rxa3 Qxc5 20. Ra4 20... Rhe8 $16) 17. Qf3 Be6 ({10:-3.77} 17...
Be6 18. Qe3 Qf6 19. Bg5 Qf7 20. Be2 Bxc5 21. dxc5 Ree8 22. Qe5 $18) ({10:-2.69
} 17... Qg4 18. Qxg4 fxg4 19. Rb3 Bxc5 20. dxc5 Rhe8 21. Bd6 Re6 22. f3 gxf3
23. Rxf3 $18) 18. Qe3 Rhe8 ({9:-4.91} 18... Rhe8 19. Qe5 Kd8 20. Qb8+ Bc8 21.
Qxa7 Re4 22. Bg3 Rxd4 23. Qxa3 $18) ({9:-3.77} 18... Qf6 19. Bg5 Qf7 20. Rb3
Bxc5 21. dxc5 Rd7 22. Qe5 22... Re8 $18) 19. Qe5 Kd8 20. Qb8+ Bc8 21. Qxa7 Bxc5
22. Qxc5 Rg8 23. Rfe1 Qf6 24. Qa5+ b6 25. Qxb6+ Ke8 26. Rxe7+ Qxe7 27. Qxc6+
Qd7 1-0

[Event "ICS Rated blitz match"]
[Site "207.99.83.227"]
[Date "1999.05.04"]
[Round "?"]
[White "Hossa"]
[Black "JudgeTurpin"]
[Result "0-1"]
[WhiteElo "2510"]
[BlackElo "2598"]
[Annotator "Crafty v16.6"]
[PlyCount "163"]

{annotating for player ossa using a scoring margin of +0.20 pawns. search time
limit is 20.00} 1. e4 1... c6 2. d4 d5 3. Nc3 dxe4 4. Nxe4 Bf5 5. Ng3 Bg6 6.
Nf3 Nd7 7. Bd3 Ngf6 8. Bxg6 hxg6 9. O-O e6 10. Bf4 Nd5 11. Qd2 ({9:+0.04} 11.
Qd2 11... N7b6 12. Ne5 Bb4 13. c3 Qh4 14. Ne2 g5 15. Bg3 $10) ({9:+0.28} 11.
Qc1 11... N7b6 12. Ne4 Nc4 13. Bg3 Qd7 14. b3 Nd6 15. Ne5 $10) 11... Nxf4 12.
Qxf4 Nf6 13. Ne5 Bd6 14. Ne4 ({8:-0.13} 14. Ne4 14... Bxe5 15. dxe5 Nxe4 16.
Qxe4 Qh4 17. Qxh4 Rxh4 18. Rad1 Re4 19. f4 $10) ({8:+0.18} 14. Rfd1 14... Qe7
15. Re1 Nd5 16. Qf3 Qf6 17. Qe4 17... Qf4 $10) 14... Bxe5 15. dxe5 Nxe4 16.
Qxe4 Qd5 17. Qxd5 ({10:-0.42} 17. Qxd5 17... cxd5 18. Rad1 Rc8 19. c3 Kd7 20.
Rd4 f6 21. f4 g5 22. Rb4 $15) ({10:-0.15} 17. Qe3 17... O-O-O 18. Qxa7 Qxe5 19.
h3 Kc7 20. Qa3 Rd7 21. Rad1 Rxd1 22. Rxd1 $10) 17... cxd5 18. Rac1 Kd7 19. f4
Rac8 20. h3 Rc4 21. Kh2 Rhc8 22. c3 Ra4 23. Ra1 Rc6 24. h4 Rca6 25. a3 Rb6 26.
Rf2 Rb3 27. Rd1 Kc6 28. g3 Kc5 29. Rc2 f6 30. Rdd2 fxe5 31. fxe5 Re4 32. Re2
Rxe2+ 33. Rxe2 d4 34. cxd4+ Kxd4 35. Kh3 Kd3 36. Rf2 Ke4 37. Re2+ Kf5 38. Kg2
g5 39. hxg5 Kg4 40. Kh2 Kxg5 41. Rf2 Rb5 42. a4 Rxe5 43. Rf7 Re2+ 44. Kh3 Rxb2
45. Rxg7+ Kf6 46. Rh7 a5 47. Rh6+ Ke7 48. g4 b5 49. axb5 Rxb5 50. Rh7+ Kf6 51.
Kh4 a4 52. Ra7 Rb4 53. Kh5 Rb2 54. g5+ Kf5 55. Rxa4 Rh2+ 56. Rh4 Rg2 57. Rh1
Rxg5+ 58. Kh4 Rg4+ 59. Kh3 Rg6 60. Rf1+ Ke4 61. Kh4 e5 62. Re1+ Kd5 63. Rd1+
Ke6 64. Re1 Rg2 65. Kh3 Rg7 66. Kh2 Kd5 67. Rd1+ Kc4 68. Re1 Kd4 69. Rd1+ Ke3
70. Rb1 e4 71. Kh1 Kd2 72. Rb2+ Kc3 73. Re2 Kd3 74. Re1 e3 75. Rd1+ Kc2 76. Rd4
e2 77. Re4 Kd2 78. Kh2 e1=Q 79. Rxe1 Kxe1 80. Kh3 Kf2 81. Kh4 Rg8 82. Kh5 0-1

[Event "ICS Rated blitz match"]
[Site "207.99.83.227"]
[Date "1999.05.04"]
[Round "?"]
[White "Hossa"]
[Black "JudgeTurpin"]
[Result "0-1"]
[WhiteElo "2498"]
[BlackElo "2610"]
[Annotator "Crafty v16.6"]
[PlyCount "63"]

{annotating for player ossa using a scoring margin of +0.20 pawns. search time
limit is 20.00} 1. e4 1... e5 2. f4 exf4 3. Nf3 g5 4. h4 g4 5. Ne5 d6 6. Nxg4
Nf6 7. Nxf6+ Qxf6 8. Nc3 Nc6 9. Nd5 Qg7 10. g4 ({9:-0.06} 10. g4 10... Kd8 11.
Be2 Nd4 12. g5 f5 13. Nxf4 fxe4 14. Bc4 $10) ({9:+0.29} 10. Qf3 10... Nd4 11.
Qxf4 Nxc2+ 12. Kd1 Nxa1 13. Nxc7+ Ke7 14. Nxa8 Bg4+ 15. Ke1 Nc2+ 16. Kf2 Qd4+
17. Kg3 $10) 10... Kd8 11. g5 ({9:-1.24} 11. g5 11... h6 12. Nxf4 hxg5 13. Nh5
Qg6 14. Ng3 gxh4 15. Qf3 $17) ({9:-0.56} 11. Be2 11... f5 12. d4 fxe4 13. Bxf4
h6 14. Be3 Be6 15. c4 $15) 11... h6 12. d3 ({9:-1.81} 12. d3 12... hxg5 13. c3
Ne7 14. Nb4 Ng6 15. h5 Be6 16. Qf3 $19) ({9:-1.60} 12. Nxf4 12... hxg5 13. Nd3
gxh4 14. Nf2 Qg3 15. Bb5 Bd7 16. Rf1 $19) 12... hxg5 13. Rg1 Qh6 14. Rh1 Be6
15. Bg2 Bg7 16. c3 Ne5 17. d4 ({7:-3.00} 17. d4 17... Ng6 18. h5 Bxd5 19. exd5
Re8+ 20. Kd2 Nh4 21. Bh3 $19) ({7:-2.66} 17. Qe2 17... Bxd5 18. exd5 Re8 19.
Kd1 gxh4 20. Kc2 20... Qf6 $19) 17... Nc4 18. e5 ({8:-2.70} 18. e5 18... c6 19.
Nb4 dxe5 20. b3 Nd6 21. hxg5 Qxg5 22. Rxh8+ Bxh8 23. Bf3 $19) ({8:-2.23} 18.
Qf3 18... Bxd5 19. exd5 Re8+ 20. Kd1 Ne3+ 21. Bxe3 fxe3 22. Qxf7 e2+ 23. Kc2
Qh7+ 24. Kb3 24... gxh4 $19) 18... c6 19. Nb4 ({9:-3.24} 19. Nb4 19... gxh4 20.
exd6 h3 21. Nxc6+ bxc6 22. Bxc6 Qh4+ 23. Kf1 Rc8 24. Qf3 Nxd6 25. Bxf4 $19) ({
9:-2.88} 19. b3 19... Nxe5 20. dxe5 cxd5 21. Bxd5 Bxe5 22. Bb2 Qf6 23. hxg5
Rxh1+ 24. Bxh1 24... Bxc3+ $19) 19... dxe5 20. b3 ({8:-2.93} 20. b3 20... Nd6
21. dxe5 Bxe5 22. Qd2 Kc7 23. Bb2 Qf6 24. O-O-O 24... gxh4 $19) ({8:-2.71} 20.
d5 20... cxd5 21. Nxd5 Bd7 22. Qb3 Nd6 23. Bd2 Bg4 24. hxg5 Qxg5 25. Rxh8+
25... Bxh8 $19) 20... Nd6 21. dxe5 Bxe5 22. Qd2 Kc7 23. Nd3 Qf6 24. hxg5 Rxh1+
25. Bxh1 Qh8 26. Nxe5 Qxh1+ 27. Ke2 Bg4+ 28. Nxg4 Re8+ 29. Qe3 fxe3 30. Nf6 Rh8
31. Kd3 Qd1+ 32. Kxe3 0-1

[Event "ICS Rated blitz match"]
[Site "207.99.83.227"]
[Date "1999.05.04"]
[Round "?"]
[White "Hossa"]
[Black "JudgeTurpin"]
[Result "0-1"]
[WhiteElo "2487"]
[BlackElo "2621"]
[Annotator "Crafty v16.6"]
[PlyCount "113"]

{annotating for player ossa using a scoring margin of +0.20 pawns. search time
limit is 20.00} 1. e4 1... e5 2. f4 exf4 3. Nf3 g5 4. h4 g4 5. Ne5 d6 6. Nxg4
Nf6 7. Nxf6+ Qxf6 8. Nc3 Be6 9. d4 Rg8 10. Qd3 c6 11. d5 Rg3 12. Qd2 ({8:+0.11
} 12. Qd2 12... Re3+ 13. Ne2 Bc8 14. dxc6 bxc6 15. g3 Rxe4 16. Qd3 Bf5 17. gxf4
$10) ({8:+0.81} 12. Qc4 12... Bd7 13. dxc6 bxc6 14. Nd1 Be6 15. Qb4 f3 16. Ne3
fxg2 17. Bxg2 $16) 12... Re3+ 13. Be2 Bg4 14. O-O Bxe2 15. dxc6 bxc6 16. Nxe2
Rxe4 17. Rxf4 ({10:+0.57} 17. Rxf4 17... Rxf4 18. Qxf4 Be7 19. h5 Qxf4 20. Bxf4
Nd7 21. Kf2 Rb8 22. Rb1 22... Ne5 $14) ({10:+0.94} 17. Ng3 17... Ra4 18. Rxf4
Rxf4 19. Qxf4 Qxf4 20. Bxf4 Na6 21. Nf5 O-O-O 22. Kf2 22... Nc5 $16) 17... Rxf4
18. Qxf4 Qxf4 19. Bxf4 d5 20. Re1 Bc5+ 21. Kf1 Na6 22. Nc1+ Kd7 23. Nd3 Bd6 24.
Bxd6 Kxd6 25. g4 Rb8 26. c3 f6 27. b4 Rg8 28. Nf2 Nb8 29. Re3 Nd7 30. Rf3 Ke6
31. Re3+ Ne5 32. g5 Kf5 33. Nh3 h6 34. gxh6 Rh8 35. Re2 Rxh6 36. Rf2+ Ke4 37.
Ng1 Kd3 38. b5 cxb5 39. Ne2 Rxh4 40. Rxf6 Ng4 41. Nf4+ Ke4 42. Ng6 Nxf6 43.
Nxh4 Kd3 44. Nf5 Ne4 45. a3 Kxc3 46. Ne7 d4 47. Nc6 d3 48. Nb4 a5 49. Nd5+ Kb2
50. Kg2 d2 51. Ne3 Kxa3 52. Kf3 Nc3 53. Kg4 d1=Q+ 54. Nxd1 Nxd1 55. Kf4 b4 56.
Ke5 b3 57. Kf4 0-1

[Event "ICS Rated blitz match"]
[Site "207.99.83.227"]
[Date "1999.05.04"]
[Round "?"]
[White "Hossa"]
[Black "JudgeTurpin"]
[Result "1-0"]
[WhiteElo "2477"]
[BlackElo "2631"]
[PlyCount "115"]

1. e4 e5 2. f4 exf4 3. Nf3 g5 4. h4 g4 5. Ne5 Nf6 6. Bc4 d5 7. exd5 Bd6 8. d4
Nh5 9. Bb5+ Bd7 10. Nxd7 Nxd7 11. Kf2 f3 12. gxf3 gxf3 13. Qxf3 Qf6 14. Qxf6
Nhxf6 15. Re1+ Kd8 16. Nc3 Bb4 17. Bg5 h6 18. Bd2 a6 19. Bc4 Nb6 20. Bb3 Nfxd5
21. Nxd5 Bxd2 22. Rf1 Nxd5 23. Bxd5 c6 24. Bxf7 Rf8 25. Ke2 Bb4 26. Bg6 Ke7 27.
Rxf8 Rxf8 28. Rf1 Rxf1 29. Kxf1 Bd2 30. Ke2 Kf6 31. Kxd2 Kxg6 32. c4 Kf5 33.
Kd3 a5 34. a4 Kf4 35. Kc3 Kf5 36. d5 c5 37. Kd3 Ke5 38. h5 Kf5 39. Ke2 Kf6 40.
Kf2 Ke5 41. Kg3 Kf5 42. Kf3 Ke5 43. Kg4 b6 44. b3 Kf6 45. Kf4 Ke7 46. Ke5 Kf7
47. d6 Ke8 48. Ke6 Kd8 49. d7 b5 50. axb5 Kc7 51. b6+ Kxb6 52. d8=Q+ Kc6 53.
Qxa5 Kb7 54. Kd6 Kb8 55. Qb6+ Ka8 56. b4 cxb4 57. Kc6 b3 58. Qb7# {
JudgeTurpin checkmated} 1-0

[Event "ICS Rated blitz match"]
[Site "207.99.83.227"]
[Date "1999.05.04"]
[Round "?"]
[White "Hossa"]
[Black "JudgeTurpin"]
[Result "0-1"]
[WhiteElo "2500"]
[BlackElo "2608"]
[Annotator "Crafty v16.6"]
[PlyCount "68"]

{annotating for player ossa using a scoring margin of +0.20 pawns. search time
limit is 20.00} 1. e4 1... e5 2. f4 exf4 3. Nf3 g5 4. h4 g4 5. Ne5 Nf6 6. Bc4
d5 7. exd5 Bd6 8. d4 Nh5 9. Bb5+ Bd7 10. Nxd7 Nxd7 11. Kf2 ({9:-0.62} 11. Kf2
11... f5 12. Qe2+ Qe7 13. Re1 Kd8 14. Qe6 Qxh4+ 15. Kg1 Ndf6 16. Nd2 $15) ({
9:+0.47} 11. Qxg4 11... Ng3 12. Rh3 Qe7+ 13. Kd1 f5 14. Qg5 Qxg5 15. hxg5 O-O-O
16. Nd2 $14) 11... f3 12. gxf3 g3+ 13. Kg1 ({8:+0.18} 13. Kg1 13... Qe7 14. Nc3
f6 15. Bxd7+ Kxd7 16. Kg2 Kc8 17. Re1 17... Qd7 $10) ({8:+0.98} 13. Kg2 13...
Nf4+ 14. Kxg3 Rg8+ 15. Kf2 Qe7 16. Bxd7+ Kxd7 17. c4 Rg2+ 18. Kf1 Rg3 19. Bxf4
Bxf4 20. Nc3 $16) 13... a6 14. Qe2+ Qe7 15. Bxd7+ Kxd7 16. Qe4 ({7:-0.38} 16.
Qe4 16... Qxe4 17. fxe4 Rad8 18. e5 Bb4 19. Kg2 19... Rhe8 $15) ({7:-0.16} 16.
Qxe7+ 16... Bxe7 17. Nc3 Ng7 18. Kg2 Nf5 19. Bg5 Nxd4 20. Kxg3 20... Nxc2 $10)
16... c5 17. dxc6+ bxc6 18. d5 ({8:-0.93} 18. d5 18... Qxe4 19. fxe4 Nf6 20.
dxc6+ Kxc6 21. Nd2 Rae8 22. Kg2 Nxe4 23. Rd1 $17) ({8:+0.57} 18. Kg2 18... Qxe4
19. fxe4 Rae8 20. e5 Be7 21. Nc3 f5 22. Bg5 Bxg5 23. hxg5 $14) 18... Qxe4 19.
fxe4 cxd5 20. exd5 Rac8 21. Nc3 Be5 22. Bd2 Bf4 23. Rd1 Rc4 24. Bxf4 Nxf4 25.
Re1 Rb8 26. Ne4 Rxc2 27. Rd1 f5 28. Nf6+ Ke7 29. Ne4 fxe4 30. d6+ Kd7 31. Rb1
Rbxb2 32. Ra1 Rg2+ 33. Kf1 Nd3 34. Rh2 Rbf2# 0-1

[Event "ICS Rated blitz match"]
[Site "207.99.83.227"]
[Date "1999.05.04"]
[Round "?"]
[White "MoonShot"]
[Black "Hossa"]
[Result "1-0"]
[WhiteElo "2665"]
[BlackElo "2489"]
[Annotator "Crafty v16.6"]
[PlyCount "84"]

{annotating for player ossa using a scoring margin of +0.20 pawns. search time
limit is 20.00} 1. e4 1... e5 2. Bc4 Nf6 3. d3 Nc6 4. Nc3 Na5 5. Nf3 Nxc4 6.
dxc4 Bb4 7. Qd3 d6 8. Bd2 O-O 9. O-O Bg4 10. Rae1 c6 11. Rd1 Qe7 12. h3 Bh5 13.
Ne2 a5 14. Ng3 Bg6 ({9:-0.51} 14... Bg6 15. Nh4 Bh5 16. Nxh5 Nxh5 17. Nf5 Qe6
18. Bg5 Nf4 19. Ne7+ 19... Kh8 $14) ({9:-0.16} 14... Bxf3 15. Qxf3 Bxd2 16.
Rxd2 Qe6 17. Qd3 Rad8 18. Rfd1 d5 19. c5 19... Rfe8 $10) 15. Nh4 Bc5 16. Ngf5
Qe6 17. Bg5 Bh5 18. g4 Nxg4 ({9:-1.52} 18... Nxg4 19. hxg4 Bxg4 20. Rd2 f6 21.
Be3 Bh3 22. Rfd1 22... Bb4 $18) ({9:-0.24} 18... Bg6 19. Be3 Bxf5 20. exf5 Qe8
21. Bxc5 dxc5 22. Rfe1 e4 23. Qd6 23... b6 $10) 19. hxg4 Bxg4 20. Rd2 Rfe8 21.
Be3 Bxf5 22. Nxf5 Qg6+ 23. Ng3 Bxe3 24. Qxe3 Ra6 25. Qb3 Rb8 26. c5 Qg5 27.
Rxd6 a4 28. Qc4 Qg4 29. Rfd1 Raa8 30. Rd7 Kh8 31. Qxf7 Rf8 32. Qh5 Qf4 33. Nf5
Qxe4 34. Qg5 Rg8 35. Nd6 h6 36. Qh5 Qf4 37. Nf7+ Kh7 38. R1d6 Rgf8 39. Rxh6+
Qxh6 40. Nxh6 Rf6 41. Nf5+ Kg8 42. Rxg7+ Kf8 1-0

[Event "ICS Rated blitz match"]
[Site "207.99.83.227"]
[Date "1999.05.04"]
[Round "?"]
[White "Hossa"]
[Black "JudgeTurpin"]
[Result "0-1"]
[WhiteElo "2480"]
[BlackElo "2619"]
[Annotator "Crafty v16.6"]
[PlyCount "71"]

{annotating for player ossa using a scoring margin of +0.20 pawns. search time
limit is 20.00} 1. e4 1... e5 2. f4 exf4 3. Nf3 d6 4. d4 g5 5. h3 Bg7 6. Be2 f5
7. Nc3 Nc6 8. Bb5 Bd7 9. O-O ({7:-2.48} 9. O-O 9... g4 10. hxg4 fxg4 11. Bxc6
Bxc6 12. Ne1 f3 13. gxf3 $19) ({7:-0.52} 9. d5 9... g4 10. dxc6 bxc6 11. Bc4
Bxc3+ 12. bxc3 gxf3 13. Qxf3 fxe4 14. Qxe4+ $15) 9... fxe4 10. Nxe4 h6 11. Re1
Nge7 12. d5 ({7:-0.46} 12. d5 12... Nb4 13. Nd4 Bxb5 14. Ne6 Qc8 15. Nxg7+
15... Kd8 $15) ({7:-0.20} 12. Qd3 12... O-O 13. Re2 Bf5 14. Qc3 a5 15. Qd3 $10)
12... Nb4 13. Nd4 O-O 14. Bxd7 Qxd7 15. Ne6 Nbxd5 16. Nxf8 Rxf8 17. c4 Nf6 18.
Qf3 Nxe4 19. Rxe4 Nf5 20. Re1 Qc6 21. Qxc6 bxc6 22. Rb1 d5 23. Re6 Nd6 24. b3
Kf7 25. Re1 Bd4+ 26. Kh1 dxc4 27. Ba3 c5 28. Kh2 Nb5 29. Bc1 c3 30. Re2 Re8 31.
Rc2 Re1 32. h4 g4 33. Bxf4 Rxb1 34. Re2 h5 35. Bg5 Bg1+ 36. Kg3 0-1